| 000 | 00813nam a2200241Ia 4500 | ||
|---|---|---|---|
| 003 | OSt | ||
| 005 | 20220926022045.0 | ||
| 006 | a|||||r|||| 00| 0 | ||
| 007 | ta | ||
| 008 | 220923b |||||||| |||| 00| 0 eng d | ||
| 037 | _cGeneral Book | ||
| 040 |
_aRTL _cRTL _beng |
||
| 041 |
_2eng _aeng |
||
| 082 | _aV1N45,93:3(T).N86, M6/UN | ||
| 110 |
_aUnited Nations, General Assembly _999298 |
||
| 245 | 0 |
_aReport of the executive director of the United Nations institute for Torining and research _b Official records, forty- first session |
|
| 260 |
_aNew York _bUnited Nations _c1986 |
||
| 300 |
_aiii;42p _ccm. |
||
| 500 | _aSupplement no.14 | ||
| 700 |
_aUnited Nations, General Assembly _999299 |
||
| 942 |
_hV1N45,93:3(T).N86, M6/UN _cGB _2CC |
||
| 999 |
_c638359 _d638359 |
||